| 000 | 00623nam a22002057a 4500 | ||
|---|---|---|---|
| 999 |
_c3067 _d3067 |
||
| 003 | AR-CdUCM | ||
| 008 | 190305b ||||| |||| 00| 0 spa d | ||
| 040 |
_aMUNICIPALIDAD PROVINCIAL DEL CUSCO _cBIBLIOTECA MUNICIPAL DEL CUSCO |
||
| 082 |
_23ed. _a869.33 / _bA47 |
||
| 100 |
_aAllende, Isabel _910409 |
||
| 245 | _aDe amor y de sombra / | ||
| 260 |
_aBuenos Aires : _bEditorial Sudamericana, _c2009. |
||
| 300 |
_a281 paginas ; _c21 cm. |
||
| 505 | _aContenido : Novela | ||
| 650 |
_aNovelas francesas _9571 |
||
| 650 |
_aNovelas americanas _910410 |
||
| 650 |
_aLiteratura _9416 |
||
| 942 |
_2ddc _cLIBROS |
||
| 945 | _arum | ||